000 00792nam a2200205Ii 4500
003 JO-AjNU
008 230605s9999||||xx |||||||||||||| ||und||
017 _a2003/2/317
040 _aJO-AjNU
_bara
_erda
_cJO-AjNU
041 _aara
050 1 4 _aPJ7700.Q8.Z75 2003
100 3 _aجمعه وحققه وشرحه وصنع فهارسه الجبر،خالد عبد الرؤوف,
_eauthor
_918302
245 0 0 _aالصمة بن عبد الله القشيري: حياته وشعره
264 3 1 _aعمان:دار المناهج،2003
300 _a157ص
_bيحتوي على كشاف:ص(143-149)
336 _atext
_btxt
_2rdacontent
337 _aunmediated
_bn
_2rdamedia
338 _avolume
_bnc
_2rdacarrier
650 4 _a الشعراء العرب - العصر الأموي - تراجم
_918303
999 _aA5828
_c9396
_d9396